Nas Albums - Statistics

General Stats
  • This quiz has been taken 56 times
    19 since last reset
  • The average score is 14 of 19
Answer Stats
Release Date Album % Correct
April 19, 1994 Illmatic
100%
August 20, 2020 King's Disease
93%
August 6, 2021 King's Disease II
93%
November 11, 2022 King's Disease III
93%
December 18, 2001 Stillmatic
93%
July 15, 2008 Untitled
86%
July 2, 1996 It Was Written
79%
June 15, 2018 Nasir
79%
December 13, 2002 God's Son
71%
April 6, 1999 I Am...
71%
December 24, 2021 Magic
71%
July 21, 2023 Magic 2
71%
September 14, 2023 Magic 3
71%
November 23, 1999 Nastradamus
71%
December 12, 2025 Light-Years
57%
December 19, 2006 Hip Hop Is Dead
50%
May 18, 2010 Distant Relatives
43%
July 13, 2012 Life Is Good
43%
September 14, 2004 Street's Disciple
36%
No matching quizzes found
Score Distribution
Percent of People with Each Score
Percentile by Number Answered
Your Score History
You have not taken this quiz since the last reset